[Event "Guernsey Holiday op 44th"]
[Site "Vale"]
[Date "2018.10.25"]
[Round "5"]
[White "Finch, Russell"]
[Black "Van Hoek, Wilhelmus J"]
[Result "1/2-1/2"]
[WhiteElo "1622"]
[BlackElo "1882"]
[PlyCount "105"]
[EventDate "2018.10.21"]
[EventType "swiss"]
[EventRounds "7"]
[EventCountry "GCI"]
[SourceTitle "EXT 2021"]
[Source "ChessBase"]
[SourceDate "2020.10.23"]
[SourceVersion "1"]
[SourceVersionDate "2020.10.23"]
[SourceQuality "1"]

1. Nf3 d5 2. g3 e6 3. Bg2 f5 4. d3 Nf6 5. 0-0 Bd6 6. Nbd2 0-0 7. c4 c6 8. b3 Qe7 9. Bb2 Nbd7 10. Qc2 e5 11. cxd5 cxd5 12. e4 fxe4 13. dxe4 d4 14. Ne1 Nb6 15. Nd3 Be6 16. Rac1 a5 17. Rfe1 Rac8 18. Qb1 Bb4 19. Re2 Rxc1+ 20. Qxc1 Rc8 21. Qd1 Bc3 22. Nb1 Bxb2 23. Rxb2 Bd7 24. Rc2 Rxc2 25. Qxc2 Bb5 26. f3 Bxd3 27. Qxd3 Qc5 28. Kf2 Qc1 29. a4 Nfd7 30. Ke2 Nc5 31. Qd1 d3+ 32. Ke1 Qe3+ 33. Kf1 Qe2+ 34. Qxe2 dxe2+ 35. Kxe2 Nxb3 36. Bh3 Nd4+ 37. Ke3 Nxa4 38. f4 Kf7 39. fxe5 Ne6 40. Na3 Nac5 41. Bf1 Ke7 42. Bc4 h6 43. Bd5 b6 44. Nc4 Nd7 45. h3 Nec5 46. Kd4 Nb3+ 47. Kc3 Nbc5 48. Kd4 Ne6+ 49. Kc3 g5 50. h4 Nef8 51. e6 Nf6 52. Nxb6 Nxd5+ 53. exd5 1/2-1/2

[Event "Guernsey Holiday op 44th"]
[Site "Vale"]
[Date "2018.10.24"]
[Round "4"]
[White "Van Hoek, Wilhelmus J"]
[Black "Shek, Daniel"]
[Result "1-0"]
[WhiteElo "1882"]
[BlackElo "1304"]
[PlyCount "94"]
[EventDate "2018.10.21"]
[EventType "swiss"]
[EventRounds "7"]
[EventCountry "GCI"]
[SourceTitle "EXT 2021"]
[Source "ChessBase"]
[SourceDate "2020.10.23"]
[SourceVersion "1"]
[SourceVersionDate "2020.10.23"]
[SourceQuality "1"]

1. e4 c5 2. Nf3 Nc6 3. c3 Nf6 4. e5 Nd5 5. Na3 g6 6. d4 cxd4 7. cxd4 Bg7 8. Bc4 Nb6 9. Be2 0-0 10. 0-0 d6 11. exd6 exd6 12. Bf4 Qf6 13. Bg5 Qe6 14. Nb5 Qd7 15. Bf4 Nd5 16. Bxd6 Re8 17. Bg3 a6 18. Nd6 Re6 19. Nxc8 Rxc8 20. Ng5 Re7 21. Nxf7 Nxd4 22. Bg4 Ne6 23. Ng5 Bxb2 24. Rb1 Bf6 25. Nxe6 Rxe6 26. Bxe6+ Qxe6 27. Rxb7 Re8 28. Qb3 Be5 29. Bxe5 Qxe5 30. g3 h6 31. Rd1 Rd8 32. Qf3 Qe6 33. Qd3 Qc6 34. Qb3 g5 35. Rb6 Qd7 36. Rxa6 h5 37. Rg6+ Kf7 38. Rxg5 Ke6 39. Kg2 h4 40. Qxd5+ Qxd5+ 41. Rgxd5 Rxd5 42. Rxd5 Kxd5 43. gxh4 Kc4 44. h5 Kc3 45. h6 Kb2 46. h7 Kxa2 47. h8Q Ka3 1-0

[Event "Guernsey op 43rd"]
[Site "Vale"]
[Date "2017.10.19"]
[Round "5"]
[White "Van Hoek, Wilhelmus J"]
[Black "Frijling, Jeroen"]
[Result "1/2-1/2"]
[WhiteElo "1907"]
[BlackElo "1727"]
[PlyCount "65"]
[EventDate "2017.10.15"]
[EventType "swiss"]
[EventRounds "7"]
[EventCountry "GCI"]
[SourceTitle "CBM 181 Extra"]
[Source "ChessBase"]
[SourceDate "2017.12.12"]
[SourceVersion "1"]
[SourceVersionDate "2017.12.12"]
[SourceQuality "1"]

1. e4 c5 2. Nf3 Nc6 3. c3 Nf6 4. Qc2 e6 5. Be2 Be7 6. 0-0 0-0 7. e5 Nd5 8. d4 cxd4 9. cxd4 d6 10. Nc3 Nxc3 11. bxc3 dxe5 12. dxe5 Qc7 13. Bf4 b6 14. Qe4 Bb7 15. Bd3 g6 16. Qe2 Rfd8 17. Rfd1 Na5 18. Rac1 Rac8 19. Nd4 Nc4 20. Be4 Bxe4 21. Qxe4 Rd5 22. Nf3 Rcd8 23. Rxd5 Rxd5 24. g3 Ba3 25. Rc2 Qc6 26. Kg2 Qb5 27. Re2 Bf8 28. Nd4 Qa4 29. h4 Qd1 30. Re1 Qa4 31. Re2 Qd1 32. Re1 Qa4 33. Re2 1/2-1/2

[Event "Guernsey Holiday op 42nd"]
[Site "Guernsey"]
[Date "2016.10.17"]
[Round "2"]
[White "Kearsley, Raymond J"]
[Black "Van Hoek, Wilhelmus J"]
[Result "0-1"]
[WhiteElo "1736"]
[BlackElo "1888"]
[PlyCount "58"]
[EventDate "2016.10.16"]
[EventType "swiss"]
[EventRounds "7"]
[EventCountry "GCI"]
[SourceTitle "EXT 2022"]
[Source "ChessBase"]
[SourceDate "2021.10.06"]
[SourceVersion "1"]
[SourceVersionDate "2021.10.06"]
[SourceQuality "1"]

1. e4 e5 2. Nf3 Nc6 3. c3 d5 4. Qa4 f6 5. d3 Be6 6. Be2 Bd6 7. Be3 Nge7 8. Na3 a6 9. 0-0 0-0 10. c4 d4 11. Bd2 b5 12. Qd1 b4 13. Nc2 a5 14. b3 Qd7 15. a3 bxa3 16. Nxa3 Bxa3 17. Rxa3 Nb4 18. Bxb4 axb4 19. Ra1 c5 20. Qd2 Qb7 21. Qc2 Ra3 22. Rxa3 bxa3 23. Ra1 Ra8 24. Nd2 Qb4 25. Ra2 Qc3 26. Bd1 Qa5 27. h3 Nc6 28. Qb1 Nb4 29. Ra1 a2 0-1

[Event "Guernsey Holiday op 41st"]
[Site "Guernsey"]
[Date "2015.10.23"]
[Round "6"]
[White "Savident, David B"]
[Black "Van Hoek, Wilhelmus J"]
[Result "0-1"]
[WhiteElo "1704"]
[BlackElo "1869"]
[PlyCount "136"]
[EventDate "2015.10.18"]
[EventType "swiss"]
[EventRounds "7"]
[EventCountry "GCI"]
[SourceTitle "EXT 2022"]
[Source "ChessBase"]
[SourceDate "2021.10.06"]
[SourceVersion "1"]
[SourceVersionDate "2021.10.06"]
[SourceQuality "1"]

1. c4 f5 2. Nc3 Nf6 3. g3 e6 4. Bg2 d5 5. cxd5 exd5 6. d4 c6 7. Nf3 Bd6 8. 0-0 0-0 9. e3 Qe7 10. a3 b5 11. Bd2 a5 12. Qc2 Bd7 13. Rfc1 Ne4 14. Be1 Rc8 15. Qb3 a4 16. Qd1 Na6 17. Na2 Kh8 18. Rc2 Rab8 19. Bf1 c5 20. Nc1 c4 21. Na2 Be8 22. Nh4 g6 23. Nc3 Nf6 24. Bg2 Bc6 25. Ne2 b4 26. axb4 Bxb4 27. Nf4 Kg7 28. Bc3 Bxc3 29. bxc3 Rb3 30. Nf3 Nc7 31. Ne5 Be8 32. h4 Rcb8 33. Bf3 a3 34. Kg2 Qd6 35. g4 fxg4 36. Nxg4 Nxg4 37. Bxg4 Bf7 38. Ne2 Rb2 39. Rxb2 Rxb2 40. Qa4 Rb3 41. Qd7 Qxd7 42. Bxd7 Be8 43. Bxe8 Nxe8 44. Kf3 Nf6 45. Kf4 Rb2 46. Kf3 Rb3 47. Kf4 Rb2 48. f3 Rxe2 49. Rxa3 Kf7 50. Ra7+ Ke6 51. Ra6+ Ke7 52. Ra7+ Nd7 53. e4 Rc2 54. Ra3 h6 55. exd5 Rh2 56. Ra4 Rxh4+ 57. Kg3 Rh5 58. Rxc4 Rxd5 59. Rc6 Rd6 60. Rc8 Kf6 61. Kf4 g5+ 62. Kg4 Nb6 63. Rc5 Nd5 64. Kh5 Kg7 65. Kg4 Nf4 66. Kf5 Rd5+ 67. Ke4 Rxc5 68. dxc5 Kf6 0-1

[Event "Guernsey Holiday op 40th"]
[Site "Guernsey"]
[Date "2014.10.22"]
[Round "4"]
[White "Van Hoek, Wilhelmus J"]
[Black "Gstalter, Herbert"]
[Result "1/2-1/2"]
[WhiteElo "1720"]
[BlackElo "1651"]
[PlyCount "38"]
[EventDate "2014.10.19"]
[EventType "swiss"]
[EventRounds "7"]
[EventCountry "GCI"]
[SourceTitle "EXT 2022"]
[Source "ChessBase"]
[SourceDate "2021.10.06"]
[SourceVersion "1"]
[SourceVersionDate "2021.10.06"]
[SourceQuality "1"]

1. e4 e6 2. d4 d5 3. e5 c5 4. c3 Qb6 5. Nf3 Bd7 6. a3 Bb5 7. dxc5 Bxc5 8. Bxb5+ Qxb5 9. b4 Bb6 10. a4 Qc4 11. Qe2 Qxe2+ 12. Kxe2 a6 13. Re1 Nd7 14. Kf1 Rc8 15. a5 Ba7 16. Be3 Bxe3 17. Rxe3 Ne7 18. Na3 Nf5 19. Rd3 0-0 1/2-1/2

[Event "Guernsey Holiday op 40th"]
[Site "Guernsey"]
[Date "2014.10.21"]
[Round "3"]
[White "Kirk, Matthew"]
[Black "Van Hoek, Wilhelmus J"]
[Result "1/2-1/2"]
[WhiteElo "1726"]
[BlackElo "1720"]
[PlyCount "33"]
[EventDate "2014.10.19"]
[EventType "swiss"]
[EventRounds "7"]
[EventCountry "GCI"]
[SourceTitle "EXT 2022"]
[Source "ChessBase"]
[SourceDate "2021.10.06"]
[SourceVersion "1"]
[SourceVersionDate "2021.10.06"]
[SourceQuality "1"]

1. d4 d5 2. c4 e6 3. Nc3 f5 4. Nf3 Nf6 5. Bf4 Bd6 6. e3 0-0 7. Bd3 Bxf4 8. exf4 dxc4 9. Bxc4 Nd5 10. g3 c6 11. 0-0 Nd7 12. Re1 N7f6 13. Ne5 Qd6 14. Bb3 b5 15. Rc1 Bb7 16. Qe2 Rfe8 17. Nd3 1/2-1/2

[Event "Guernsey Holiday op"]
[Site "Guernsey"]
[Date "2012.10.25"]
[Round "5"]
[White "Van Hoek, Wilhelmus J"]
[Black "Foster, Paul"]
[Result "1/2-1/2"]
[WhiteElo "1721"]
[BlackElo "1688"]
[PlyCount "43"]
[EventDate "2012.10.21"]
[EventType "swiss"]
[EventRounds "7"]
[EventCountry "GCI"]
[SourceTitle "EXT 2015"]
[Source "ChessBase"]
[SourceDate "2014.11.20"]
[SourceVersion "1"]
[SourceVersionDate "2014.11.20"]
[SourceQuality "1"]

1. f4 e5 2. fxe5 Qh4+ 3. g3 Qe4 4. Nf3 Nc6 5. Nc3 Qg6 6. Bg2 Nh6 7. e4 d6 8. 0-0 Nxe5 9. d4 Nxf3+ 10. Bxf3 c6 11. Bh5 Bg4 12. Bxg6 Bxd1 13. Bxf7+ Nxf7 14. Nxd1 Be7 15. Nc3 0-0 16. Kg2 Bf6 17. Be3 Rae8 18. Rae1 Re7 19. Rf2 Rfe8 20. Rfe2 b6 21. h4 h6 22. Bg1 1/2-1/2

[Event "Guernsey Holiday op"]
[Site "Guernsey"]
[Date "2012.10.21"]
[Round "1"]
[White "Van Hoek, Wilhelmus J"]
[Black "Gunn, Michael J"]
[Result "1-0"]
[WhiteElo "1721"]
[BlackElo "1584"]
[PlyCount "89"]
[EventDate "2012.10.21"]
[EventType "swiss"]
[EventRounds "7"]
[EventCountry "GCI"]
[SourceTitle "EXT 2015"]
[Source "ChessBase"]
[SourceDate "2014.11.20"]
[SourceVersion "1"]
[SourceVersionDate "2014.11.20"]
[SourceQuality "1"]

1. e4 e6 2. d4 d5 3. e5 c5 4. c3 Nc6 5. Nf3 Bd7 6. Be2 Nge7 7. 0-0 Nf5 8. dxc5 Bxc5 9. b4 Bb6 10. Bd3 Nfe7 11. Re1 Ng6 12. b5 Na5 13. a4 Qc7 14. Be3 Rc8 15. Bd4 Nf4 16. Bf1 Nc4 17. g3 Ng6 18. Nbd2 0-0 19. Nxc4 dxc4 20. Nd2 Bxd4 21. cxd4 c3 22. Nc4 a6 23. Nd6 Ra8 24. Qc2 Ne7 25. Bg2 axb5 26. axb5 Nd5 27. Bxd5 exd5 28. Rec1 Bh3 29. f3 Be6 30. Rxa8 Rxa8 31. Qxc3 Qb6 32. Kf2 g6 33. Ke3 Ra4 34. Ra1 Rc4 35. Nxc4 dxc4 36. Ra8+ Kg7 37. Qb4 g5 38. Qc5 Qxc5 39. dxc5 c3 40. Kd3 c2 41. Kxc2 Bd5 42. Rc8 Bxf3 43. c6 bxc6 44. bxc6 Bg4 45. Rb8 1-0

[Event "Guernsey op 37th"]
[Site "Guernsey"]
[Date "2011.10.16"]
[Round "1"]
[White "Van Hoek, Wilhelmus J"]
[Black "Taylor, Mark V"]
[Result "0-1"]
[WhiteElo "1936"]
[BlackElo "2131"]
[PlyCount "54"]
[EventDate "2011.10.16"]
[EventType "swiss"]
[EventRounds "7"]
[EventCountry "GCI"]
[SourceTitle "EXT 2012"]
[Source "ChessBase"]
[SourceDate "2011.11.24"]
[SourceVersion "1"]
[SourceVersionDate "2011.11.24"]
[SourceQuality "1"]

1. e4 e6 2. d4 d5 3. e5 c5 4. c3 Nc6 5. Nf3 Bd7 6. Be2 f6 7. 0-0 fxe5 8. Nxe5 Nxe5 9. dxe5 Qc7 10. Re1 Be7 11. Bh5+ g6 12. Bf3 0-0-0 13. a4 g5 14. Na3 a6 15. b4 Nh6 16. bxc5 Nf5 17. Be3 Nxe3 18. Rxe3 Bxc5 19. Re2 h5 20. c4 g4 21. Bxd5 exd5 22. cxd5 Bc6 23. d6 Qg7 24. Qc1 g3 25. hxg3 Qxg3 26. Qf1 Rhg8 27. Nc4 Bxg2 0-1

[Event "Guernsey Holiday op"]
[Site "Guernsey"]
[Date "2010.10.23"]
[Round "7"]
[White "Van Hoek, Wilhelmus J"]
[Black "Vonhoff, Joerg"]
[Result "1-0"]
[WhiteElo "1783"]
[BlackElo "1613"]
[PlyCount "71"]
[EventDate "2010.10.17"]
[EventType "swiss"]
[EventRounds "7"]
[EventCountry "GCI"]
[SourceTitle "EXT 2013"]
[Source "ChessBase"]
[SourceDate "2012.11.22"]
[SourceVersion "1"]
[SourceVersionDate "2012.11.22"]
[SourceQuality "1"]

1. e4 c5 2. Nf3 d6 3. c3 Nf6 4. Be2 Bd7 5. e5 dxe5 6. Nxe5 Nc6 7. Nxd7 Qxd7 8. d3 g6 9. 0-0 Rd8 10. Be3 b6 11. Qa4 Ne5 12. Qxd7+ Nexd7 13. d4 Nd5 14. Na3 Nxe3 15. fxe3 Bh6 16. Rf3 0-0 17. e4 cxd4 18. cxd4 Rc8 19. e5 Rc1+ 20. Rxc1 Bxc1 21. Rb3 Rc8 22. Kf2 Nf8 23. Bg4 Rc7 24. Ke2 f5 25. Bf3 Kg7 26. d5 Nd7 27. Nb5 Rc4 28. d6 exd6 29. e6 Nf6 30. Nxd6 Rd4 31. Rd3 Bxb2 32. e7 Rxd6 33. Rxd6 Ne8 34. Rd7 Kf6 35. Rxa7 Bd4 36. Bc6 1-0

[Event "Guernsey Holiday op"]
[Site "Guernsey"]
[Date "2010.10.22"]
[Round "6"]
[White "Van Rooijen, Gerardus C"]
[Black "Van Hoek, Wilhelmus J"]
[Result "0-1"]
[WhiteElo "1496"]
[BlackElo "1783"]
[PlyCount "114"]
[EventDate "2010.10.17"]
[EventType "swiss"]
[EventRounds "7"]
[EventCountry "GCI"]
[SourceTitle "EXT 2013"]
[Source "ChessBase"]
[SourceDate "2012.11.22"]
[SourceVersion "1"]
[SourceVersionDate "2012.11.22"]
[SourceQuality "1"]

1. d4 d5 2. c4 e6 3. cxd5 exd5 4. Nc3 Nf6 5. Nf3 c6 6. e3 Bd6 7. Bd3 Qe7 8. 0-0 Ne4 9. Ne2 0-0 10. Ng3 f5 11. Nd2 Bxg3 12. fxg3 Nxg3 13. Rf3 Ne4 14. Nxe4 fxe4 15. Rxf8+ Qxf8 16. Be2 Nd7 17. Bd2 Nf6 18. a3 Qf7 19. h3 Be6 20. Qb3 Qd7 21. Rf1 Rf8 22. Qb4 Rf7 23. Qa4 a6 24. Qd1 g6 25. Qe1 Ne8 26. Rxf7 Qxf7 27. Qg3 Qd7 28. Qg5 Kg7 29. Qh4 h6 30. Be1 g5 31. Qf2 Qf7 32. Qg3 Qc7 33. Qf2 Nf6 34. Qf1 Kg6 35. g4 c5 36. Qg2 cxd4 37. exd4 Qc1 38. Qf2 Qxb2 39. Bb4 Qc1+ 40. Bf1 Qf4 41. Bd2 Qxf2+ 42. Kxf2 Bd7 43. Kg3 h5 44. Be2 h4+ 45. Kf2 Ba4 46. Bb4 Nd7 47. Ke3 b5 48. Kd2 Bb3 49. Bd1 Bxd1 50. Kxd1 Nb6 51. Kc2 Nc4 52. Kc3 Ne3 53. Ba5 Ng2 54. Kb4 e3 55. Kc5 Nf4 56. Kb6 Nxh3 57. Kxa6 Nf2 0-1

[Event "Guernsey Holiday op"]
[Site "Guernsey"]
[Date "2008.10.21"]
[Round "3"]
[White "Dokter, Marike"]
[Black "Van Hoek, Wilhelmus J"]
[Result "1/2-1/2"]
[WhiteElo "1539"]
[BlackElo "1751"]
[PlyCount "74"]
[EventDate "2008.10.19"]
[EventType "swiss"]
[EventRounds "7"]
[EventCountry "GCI"]
[SourceTitle "EXT 2011"]
[Source "ChessBase"]
[SourceDate "2010.11.26"]
[SourceVersion "1"]
[SourceVersionDate "2010.11.26"]
[SourceQuality "1"]

1. e4 e5 2. Nf3 Nc6 3. Bc4 Nf6 4. d3 h6 5. Nbd2 d6 6. c3 g6 7. h3 Bg7 8. 0-0 0-0 9. Re1 a6 10. a3 d5 11. Ba2 b6 12. exd5 Nxd5 13. Nc4 Re8 14. Ne3 Nf4 15. Bb1 f5 16. Nc4 Nd5 17. Bd2 b5 18. Ne3 Nf4 19. Bc1 Kh7 20. a4 b4 21. Nc4 Nd5 22. Bd2 bxc3 23. bxc3 e4 24. dxe4 Nxc3 25. Qc2 Ne2+ 26. Rxe2 Bxa1 27. Bc3 Bxc3 28. Qxc3 Rb8 29. Re1 f4 30. e5 Ne7 31. e6 Bxe6 32. Rxe6 Rxb1+ 33. Kh2 Nd5 34. Rxe8 Qxe8 35. Qd3 Qxa4 36. Qxd5 Qd1 37. Qf7+ Kh8 1/2-1/2